000 00264nam a2200109 4500
008 160625b xxu||||| |||| 00| 0 eng d
100 _91164
_a Titus, E
245 _aAnatole and the Cat
260 _aEng
_bEng
_c1957
300 _aAnatole and the Cat
942 _2ddc
_cBK
999 _c945
_d945